| 000 | 00510nam a22001577a 4500 | ||
|---|---|---|---|
| 005 | 20231027071246.0 | ||
| 008 | 231027b |||||||| |||| 00| 0 eng d | ||
| 041 | _aEnglish | ||
| 082 | _a348 WAR | ||
| 100 |
_aWarner, HW _lEnglish |
||
| 245 |
_aA Digest of South African Bantu Civil Case Law 1963-1968 : _bA Supplement / _cHW Warner |
||
| 260 |
_aCape Town : _bJuta & Company Ltd, _c1970 |
||
| 300 |
_biv, 34 pages ; _c25 cm. |
||
| 650 |
_aLegal practice _bLaw |
||
| 942 |
_cBK _6ALISON_BN_VRIES |
||
| 999 |
_c103 _d103 |
||